000 00264nam a22001097a 4500
082 _a621.381 STA'E
100 _aSTANLEY, J. A
_956498
245 _aELECTRONIC SERVICING FOR THE BEGINNER
260 _aNEWYORK
_bHOWARD W. SAMS
_c1863
300 _a159P
942 _cBK
999 _c585070
_d585070